Politiksprache Linguistisch Betrachtet
Zaoberanie sa otázkou vymedzenia politického jazyka z lingvistického jazyka. Otázka interdisciplinárnej povahy politického jazyka, najmä v súvislosti s pragmatikou, rétorikou, sociolingvistikou, jazyka médií a iných oblastí. Osobitná pozornosť sa venuje témam intertextualita, umiestnenie a produkcia...
Guardado en:
| Autor principal: | |
|---|---|
| Formato: | Capítulo de libro |
| Lenguaje: | alemán |
| Materias: | |
| Etiquetas: |
Sin Etiquetas, Sea el primero en etiquetar este registro!
|
MARC
| LEADER | 00000naa a2200000 4500 | ||
|---|---|---|---|
| 001 | 0304535 | ||
| 005 | 20241010151407.7 | ||
| 041 | 0 | |a ger | |
| 044 | |a SK | ||
| 245 | 1 | 0 | |a Politiksprache Linguistisch Betrachtet |c Lívia Adamcová |
| 520 | |a Zaoberanie sa otázkou vymedzenia politického jazyka z lingvistického jazyka. Otázka interdisciplinárnej povahy politického jazyka, najmä v súvislosti s pragmatikou, rétorikou, sociolingvistikou, jazyka médií a iných oblastí. Osobitná pozornosť sa venuje témam intertextualita, umiestnenie a produkcia politicky orientovaných textov. Niektoré dôležité stratégie a fenomény ústnej komunikácie, zhrnuté s ohľadom na politický jazyk. | ||
| 610 | 2 | 0 | |a jazykoveda |
| 610 | 2 | 0 | |a politika |
| 610 | 2 | 0 | |a filológia |
| 610 | 2 | 0 | |a jazyky cudzie |
| 100 | 1 | |a Adamcová, Lívia | |